Les nations de la CAF - Statistiques

Statistiques générales
  • Ce quiz a été pris 56 fois
  • Le résultat moyen est 46 sur 54
Statistiques - réponses
Année d'adhésion Pays % Correct
1964 Algérie
98%
1959 Maroc
98%
1964 République Démocratique du Congo
98%
1966 République du Congo
98%
1957 Egypte
96%
1992 Afrique du sud
93%
1960 Côte d'Ivoire
93%
1963 Madagascar
93%
1960 Tunisie
93%
1963 Cameroun
91%
1963 Mali
91%
1967 Niger
91%
1964 Sénégal
91%
1980 Angola
89%
1965 Libye
89%
1957 Soudan
89%
2012 Soudan du Sud
89%
1964 Zambie
89%
1963 Guinée
87%
1960 Nigeria
87%
1960 Ouganda
87%
1965 République Centrafricaine
87%
1964 Togo
87%
1980 Zimbabwe
87%
2000 Cap-Vert
84%
2005 Comores
84%
1998 Erythrée
84%
1986 Guinée-Bissau
84%
1986 Guinée Equatoriale
84%
1968 Kenya
84%
1968 Mauritanie
84%
1978 Rwanda
84%
1962 Bénin
82%
1957 Ethiopie
82%
1962 Somalie
82%
1964 Tanzanie
82%
1978 Eswatini
80%
1967 Gabon
80%
1964 Lesotho
80%
1992 Namibie
80%
1986 Seychelles
80%
1994 Djibouti
78%
1962 Libéria
78%
1976 Botswana
76%
1964 Burkina Faso
76%
1966 Gambie
76%
1958 Ghana
76%
1968 Malawi
76%
1963 Maurice
76%
1972 Burundi
73%
1964 Tchad
73%
1986 Sao-Tomé-et-Principe
69%
1960 Sierra Leone
69%
1980 Mozambique
67%
Aucun quiz correspondant
Distribution des résultats
% des personnes avec chaque résultat
Percentile par nombre de réponses
Votre historique - résultats
Vous n’avez pas pris ce quiz